000 00630nam a2200181 a 4500
001 000001290
005 20250428130105.0
008 840106s1969 na a 000 0 dut
040 _aDO-SdBNP
_bspa
_cBNPHU
041 1 7 _aspa
_heng
082 _a280.4
_bH334m
100 1 _aHartog, Johannes,
_d1912-
_94372
245 1 0 _aMogen de eilanden zich verheugen :
_bgeschiedenis van het protestantisme op de Nederlanse Antillen.
260 _aWillemstad, :
_bKerkeraad van de Verenigde Protestantse Gemsente van Curacao,
_c1969.
300 _a286 p. :
_bil. ;
_c23 cm.
650 4 _aIglesias protestantes
_9998
650 0 _aProtestantismo
_94373
999 _c1230
_d1230